LEADER 01262nam a2200241 i 4500 001 000000166683 003 CaOOAMICUS 005 20071210000000.0 008 071210s1963 it u000 u ita u 013 $a144052 040 $aSeMil$bita 100 1 $aGallarati Scotti, Tommaso,$d<1878-1966>.$0(OLS)http://semarc/name/35356 245 10$aIdee e orientamenti politici e religiosi al comando supremo :$bappunti e ricordi /$cTommaso Gallarati Scotti. 260 $aRoma :$bCinque Lune,$c1963. 300 $a9 p. ;$c21 cm. 500 $aSul verso del front. : Comunicazione presentata al Convegno tenuto a Spoleto il 7-8-9 settembre 1962 sul tema: Benedetto 15., i cattolici e la prima guerra mondiale. - Estratto dal vol. degli atti del Convegno. 600 04$aBenedetto XV .$0(OLS)http://semarc/subject/2398 650 4$aGuerra mondiale <1914-1918> - Cattolici.$0(OLS)http://semarc/subject/26856 850 $aSeMil 852 $aSeMil$W1$xVenegono$y1$m5D VII 16/12$j117846$B117846$CSeMilBibl$Z2$F129820 $81 961 $aRecupero: Altro 996 $6245$aIdee e orientamenti politici e religiosi al comando supremo :$bappunti e ricordi$9(OLS)http://semarc/title/238244 996 $6260$aRoma :$bCinque Lune$9(OLS)http://semarc/publisher/31289 LEADER 01123nam a2200253 4500 001 000000346036 003 CaOOAMICUS 005 20210517123553.0 008 210517s2014 it a 000 u ita r 020 $a978-88-6030-641-8 040 $aSeMil$bita 100 1 $aRovelli, Carlo,$d<1956- >.$0(OLS)http://semarc/name/92046 245 13$aLa realtà non è come ci appare :$bla struttura elementare delle cose /$cCarlo Rovelli. 264 1$aMilano :$bRaffaello Cortina,$c2014. 300 $a241 p. :$bill. ;$c23 cm 490 1 $aScienza e idee ;$v244 650 4$aGravità - Teoria quantistica.$0(OLS)http://semarc/subject/50417 830 0$aScienza e idee ;$v244.$0(OLS)http://semarc/title/5942 850 $aSeMil 852 $aSeMil$W1$xVenegono$y1$m2NA F 244$j240915$B237102$CSeMilBibl$Z2$F237102 $81 996 $6020$a978-88-6030-641-8$9(OLS)http://semarc/number/293221 996 $6245$aLa realtà non è come ci appare :$bla struttura elementare delle cose$9(OLS)http://semarc/title/435235 996 $6264$aMilano :$bRaffaello Cortina$9(OLS)http://semarc/publisher/31196